NHL Leader in Goals by Year - Statistics

General Stats
  • This quiz has been taken 146 times
  • The average score is 68 of 118
Answer Stats
Year Goals Team Player % Correct
2023 64 Oilers Connor McDavid
100%
2020 48 Capitals Alexander Ovechkin
99%
2019 51 Capitals Alexander Ovechkin
99%
2018 49 Capitals Alexander Ovechkin
99%
2016 50 Capitals Alexander Ovechkin
99%
2015 53 Capitals Alexander Ovechkin
99%
2014 51 Capitals Alexander Ovechkin
99%
2013 32 Capitals Alexander Ovechkin
99%
2009 56 Capitals Alexander Ovechkin
99%
2008 65 Capitals Alexander Ovechkin
99%
2022 60 Maple Leafs Auston Matthews
99%
2021 41 Maple Leafs Auston Matthews
99%
2017 44 Penguins Sidney Crosby
99%
2010 51 Penguins Sidney Crosby
99%
1987 62 Oilers Wayne Gretzky
96%
1985 73 Oilers Wayne Gretzky
96%
1984 87 Oilers Wayne Gretzky
96%
1983 71 Oilers Wayne Gretzky
96%
1982 92 Oilers Wayne Gretzky
96%
2012 60 Lightning Steven Stamkos
94%
2010 51 Lightning Steven Stamkos
94%
1996 69 Penguins Mario Lemieux
93%
1989 85 Penguins Mario Lemieux
93%
1988 70 Penguins Mario Lemieux
93%
1969 58 Black Hawks Bobby Hull
86%
1968 44 Black Hawks Bobby Hull
86%
1967 52 Black Hawks Bobby Hull
86%
1966 54 Black Hawks Bobby Hull
86%
1964 43 Black Hawks Bobby Hull
86%
1962 50 Black Hawks Bobby Hull
86%
1960 39 Black Hawks Bobby Hull
86%
1992 70 Blues Brett Hull
86%
1991 86 Blues Brett Hull
86%
1990 72 Blues Brett Hull
86%
2011 50 Ducks Corey Perry
86%
2020 48 Bruins David Pastrňák
85%
1963 38 Red Wings Gordie Howe
84%
1957 44 Red Wings Gordie Howe
84%
1953 49 Red Wings Gordie Howe
84%
1952 47 Red Wings Gordie Howe
84%
1951 43 Red Wings Gordie Howe
84%
1955 38 Canadiens Maurice Richard
81%
1954 37 Canadiens Maurice Richard
81%
1950 43 Canadiens Maurice Richard
81%
1947 45 Canadiens Maurice Richard
81%
1945 50 Canadiens Maurice Richard
81%
1999 47 Mighty Ducks Teemu Selänne
81%
1998 52 Mighty Ducks Teemu Selänne
81%
1993 76 Jets Teemu Selänne
81%
2001 59 Panthers Pavel Bure
80%
2000 58 Panthers Pavel Bure
80%
1994 60 Canucks Pavel Bure
80%
1986 68 Oilers Jari Kurri
79%
2004 41 Flames Jarome Iginla
79%
2002 52 Flames Jarome Iginla
79%
1981 68 Islanders Mike Bossy
79%
1979 69 Islanders Mike Bossy
79%
1975 61 Bruins Phil Esposito
79%
1974 68 Bruins Phil Esposito
79%
1973 55 Bruins Phil Esposito
79%
1972 66 Bruins Phil Esposito
79%
1971 76 Bruins Phil Esposito
79%
1970 43 Bruins Phil Esposito
79%
2004 41 Blue Jackets Rick Nash
79%
1978 60 Canadiens Guy Lafleur
75%
2007 52 Lightning Vincent Lecavalier
74%
2004 41 Thrashers Ilya Kovalchuk
71%
1993 76 Sabres Alexander Mogilny
64%
2006 56 Sharks Jonathan Cheechoo
59%
2003 50 Avalanche Milan Hejduk
53%
1959 45 Canadiens Jean Béliveau
51%
1956 47 Canadiens Jean Béliveau
51%
1997 52 Coyotes Keith Tkachuk
51%
1998 52 Capitals Peter Bondra
51%
1995 34 Capitals Peter Bondra
51%
1948 33 Red Wings Ted Lindsay
35%
1977 60 Canadiens Steve Shutt
31%
1961 50 Canadiens Bernie Geoffrion
29%
1955 38 Canadiens Bernie Geoffrion
29%
1976 61 Flyers Reggie Leach
29%
1928 33 Canadiens Howie Morenz
28%
1936 23 Maple Leafs Charlie Conacher
20%
1935 36 Maple Leafs Charlie Conacher
20%
1934 32 Maple Leafs Charlie Conacher
20%
1932 34 Maple Leafs Charlie Conacher
20%
1931 31 Maple Leafs Charlie Conacher
20%
1939 26 Bruins Roy Conacher
20%
1980 56 Kings Charlie Simmer
19%
1920 39 Bulldogs Joe Malone
19%
1918 44 Canadiens Joe Malone
19%
1949 28 Red Wings Sid Abel
18%
1980 56 Whalers Blaine Stoughton
16%
1980 56 Sabres Danny Gare
16%
1965 42 Red Wings Norm Ullman
16%
1958 36 Canadiens Dickie Moore
15%
1919 23 Canadiens Newsy Lalonde
15%
1944 38 Black Hawks Doug Bentley
10%
1943 33 Black Hawks Doug Bentley
10%
1924 22 Senators Cy Denneny
8%
1946 37 Maple Leafs Gaye Stewart
8%
1942 32 Rangers Lynn Patrick
8%
1937 23 Americans Nels Stewart
8%
1926 34 Maroons Nels Stewart
8%
1929 22 Maple Leafs Ace Bailey
6%
1933 28 Rangers Bill Cook
5%
1927 33 Rangers Bill Cook
5%
1960 39 Bruins Bronco Horvath
5%
1925 38 St. Patricks Babe Dye
4%
1923 27 St. Patricks Babe Dye
4%
1922 31 St. Patricks Babe Dye
4%
1921 35 St. Patricks Babe Dye
4%
1941 26 Rangers Bryan Hextall
4%
1940 24 Rangers Bryan Hextall
4%
1930 43 Bruins Cooney Weiland
3%
1938 26 Maple Leafs Gordie Drillon
1%
1922 31 Senators Punch Broadbent
1%
1936 23 Maple Leafs Bill Thoms
0%
1937 23 Red Wings Larry Aurie
0%
No matching quizzes found
Score Distribution
Percent of People with Each Score
Percentile by Number Answered
Your Score History
You have not taken this quiz